000 01233aab a2200205 i 4500
001 768714001
003 CO-MdFUSB
005 20240422091713.0
008 240419t1987 ag ||||| |||| 00| 0 spa d
040 _bspa
_cCO-MdFUSB
041 _aspa
100 1 _aPadilla, C. René
_eautor
245 _aEvangelio y justicia social
_c/ C. René Padilla
300 _aVolumen 6, número 4 (diciembre, 1987), páginas: 4 - 5
_c; 27 cm
520 _aTradicionalmente, la mayoría de los evangélicos centró sus esfuerzos en la evangelización, que se define como "difundir la buena nueva de que Jesucristo murió por nuestros pecados y resucitó de entre los muertos según las Escrituras, y que ahora, como Señor reinante, ofrece perdón y remisión de los pecados". Su preocupación central era la reconciliación del hombre con Dios a nivel personal. Y no siempre vieron la estrecha relación entre el amor y la caridad de Dios, la fe y las buenas obras, la justificación de Cristo y la justicia social.
650 7 _aJusticia social
_xAspectos religiosos
_96928
650 7 _aJusticia (Virtud)
_96931
773 0 _tIglesia y Misión
_049402
_959679
_gVolumen 6, número 4 (diciembre, 1987), páginas: 4 - 5
_qpágina: 4
942 _cANA
999 _c51727
_d51727